How Well Do You Know Nepal? - Statistics

General Stats
  • This quiz has been taken 277 times
  • The average score is 10 of 16
Answer Stats
Hint Answer % Correct
Which ethnic group is most closely associated with mountaineering? Sherpa
89%
Where was Buddha born? Lumbini
81%
Which religious faith is associated with Swayambhunath (the "Monkey Temple")? Buddhism
80%
What is the national park known for its rhinos, tigers and jungle safaris? Chitwan
75%
Who climbed Everest with Hillary? Tenzing Norgay Sherpa
71%
What is the mountain range that can be seen from Pokhara? The Annapurnas
71%
What is the name of the Kathmandu airport? Tribhuvan International Airport
70%
What is the temple complex in Kathmandu that is one of the most important Hindu pilgrimage sites in the world? Pashupatinath
63%
The "living goddess" of Kathmandu is called the ... Kumari
61%
What is the indigenous ethnic group of the Kathmandu Valley? Newar (Newa)
61%
What is the term for the geographically flat region of Nepal that runs along the Indian border? Terai (or Madesh)
61%
Four of the world's highest mountains are in Nepal. Other than Everest, name one. Kangchenjunga, Lhotse, Makalu
46%
What eastern town is associated with both the Hindu epic Ramayana and Maithali culture? Janakpur
45%
Which major rafting river runs along the Prithivi Highway? Trishuli
41%
What is the only town in Mustang with an airport (and the only airport along the Annapurna Circuit)? Jomsom
31%
What is the street in Kathmandu associated with the "Hippie Trail"? Freak Street (Jhochhen Tol)
24%
No matching quizzes found
Score Distribution
Percent of People with Each Score
Percentile by Number Answered
Your Score History
You have not taken this quiz